000 00917nam a22002411 4500
005 20090601123824.0
008 721219s1962 nyu 000 0 eng
010 _aENG-93796
020 _a9788131305027
_c995.00
035 _aEN-77329
037 _bDBAD / PUB
040 _adpl
_bEnglish
082 _a363.7
245 _aEnvironment and society /
_cedited by Abha Trivedi...[et al]
260 _aNew Delhi
_bAPH Publishing Corporation
_c2009
270 _a4435-36/7, Ansari Road, Daryaganj,
_bNew Delhi
_e110002
300 _axvi, 297 p.
_c23cm(Hb)
500 _aIncludes references and index
700 _aTrivedi, Abha
942 _cEN
_mENV
_2ddc
_h363.7
999 _c27084
_d27084